| 000 | 00833nam a22002177a 4500 | ||
|---|---|---|---|
| 999 |
_c7613 _d7613 |
||
| 003 | AR-CdUCM | ||
| 008 | 190321b ||||| |||| 00| 0 spa d | ||
| 040 |
_aMUNICIPALIDAD PROVINCIAL DEL CUSCO _cBIBLIOTECA MUNICIPAL DEL CUSCO |
||
| 082 |
_a541 / _bD27 |
||
| 100 |
_aDassler, Adolf _921487 |
||
| 245 |
_aElectroquimica : _bY sus fundamentos Fisicoquimicos / |
||
| 260 |
_aMéxico ; _bUnion Tipografica Hispano Americana , _c1963. |
||
| 300 |
_a208 páginas ; _c17 cm. |
||
| 440 |
_aManuales UTEHA _n2 _921488 |
||
| 505 | _aContenido : Fundamentos de Termodinamica -- Teoria de las soluciones -- Elementos galvánicos y polarizacion -- Equilibrios Iónicos -- Anexos... | ||
| 650 |
_aElectroquimica _921489 |
||
| 650 |
_aTermodinamica _919143 |
||
| 650 |
_aGalvanizacion y Polarizacion _921490 |
||
| 942 |
_2ddc _cLIBROS |
||
| 945 | _artm | ||